<?xml version='1.0' encoding='UTF-8'?>
  <record xmlns="http://www.loc.gov/MARC21/slim">
    <leader>00000cam a22000007i 4500</leader>
    <controlfield tag="001">ocn902597590</controlfield>
    <controlfield tag="003">OCoLC</controlfield>
    <controlfield tag="005">20250709070909.7</controlfield>
    <controlfield tag="008">150130s1578    gw            000 0 ger d</controlfield>
    <datafield tag="040" ind1=" " ind2=" ">
      <subfield code="a">NLGGC</subfield>
      <subfield code="b">eng</subfield>
      <subfield code="e">rda</subfield>
      <subfield code="e">dcrmr</subfield>
      <subfield code="c">NLGGC</subfield>
      <subfield code="d">OCLCL</subfield>
      <subfield code="d">QGJ</subfield>
    </datafield>
    <datafield tag="029" ind1="0" ind2=" ">
      <subfield code="a">NLGGC</subfield>
      <subfield code="b">38894353X</subfield>
    </datafield>
    <datafield tag="035" ind1=" " ind2=" ">
      <subfield code="a">(OCoLC)902597590</subfield>
    </datafield>
    <datafield tag="100" ind1="1" ind2=" ">
      <subfield code="a">Tossanus, Daniel,</subfield>
      <subfield code="d">1541-1602,</subfield>
      <subfield code="e">author.</subfield>
      <subfield code="4">aut</subfield>
      <subfield code="1">https://id.oclc.org/worldcat/entity/E39PBJcR9kvrRTKJM88667D8YP</subfield>
    </datafield>
    <datafield tag="245" ind1="1" ind2="0">
      <subfield code="a">Trostschrifft An alle guthertzige Christen so von wegen der reynen und vom Papistischen saurteyg gesäuberten Lehr der Sacramenten und besonders des H. Abentmals angefochten werden. :</subfield>
      <subfield code="b">Sampt eynem kurtzen und klaren Bericht, was doch die Gründ unserer Lehr seient : und ob dieselbige im wenigsten also geschaffen, das man uns verdammen und nicht leiden solle. /</subfield>
      <subfield code="c">Durch Danielem Tossanum, Diener des Wortes Gottes.</subfield>
    </datafield>
    <datafield tag="246" ind1="3" ind2="0">
      <subfield code="a">Trostschrift an alle gutherzige Christen, so von wegen der reinen und vom papistischen Sauerteig gesäuberten Lehre der Sakramenten und besonders des h. Abendmahls angefochten werden</subfield>
    </datafield>
    <datafield tag="264" ind1=" " ind2="1">
      <subfield code="a">Getruckt zur Neustatt an der Hart :</subfield>
      <subfield code="b">bei Hans Meyer,</subfield>
      <subfield code="c">Anno 1578.</subfield>
    </datafield>
    <datafield tag="300" ind1=" " ind2=" ">
      <subfield code="a">[62] leaves ;</subfield>
      <subfield code="c">16 cm (8vo)</subfield>
    </datafield>
    <datafield tag="336" ind1=" " ind2=" ">
      <subfield code="a">text</subfield>
      <subfield code="b">txt</subfield>
      <subfield code="2">rdacontent</subfield>
    </datafield>
    <datafield tag="337" ind1=" " ind2=" ">
      <subfield code="a">unmediated</subfield>
      <subfield code="b">n</subfield>
      <subfield code="2">rdamedia</subfield>
    </datafield>
    <datafield tag="338" ind1=" " ind2=" ">
      <subfield code="a">volume</subfield>
      <subfield code="b">nc</subfield>
      <subfield code="2">rdacarrier</subfield>
    </datafield>
    <datafield tag="340" ind1=" " ind2=" ">
      <subfield code="m">8vo</subfield>
      <subfield code="2">rdabf</subfield>
    </datafield>
    <datafield tag="500" ind1=" " ind2=" ">
      <subfield code="a">Publication statement from imprint, which reads: Getruckt zur Neustatt an der Hart, bei Hans Meyer, anno 1578.</subfield>
    </datafield>
    <datafield tag="500" ind1=" " ind2=" ">
      <subfield code="a">Signatures: A-H⁸; H6 verso, H7 and H8 are blank.</subfield>
    </datafield>
    <datafield tag="500" ind1=" " ind2=" ">
      <subfield code="a">With initials and printed marginalia.</subfield>
    </datafield>
    <datafield tag="500" ind1=" " ind2=" ">
      <subfield code="a">Errata on folio [H6] recto.</subfield>
    </datafield>
    <datafield tag="500" ind1=" " ind2=" ">
      <subfield code="a">Contains also "Kurzer und klarer Bericht, was doch die Gründ unserer Lehr seien" by Daniel Tossanus.</subfield>
    </datafield>
    <datafield tag="510" ind1="4" ind2=" ">
      <subfield code="a">Verzeichnis der im deutschen Sprachbereicherschienenen Drucke des 16. Jahrhunderts (VD 16),</subfield>
      <subfield code="c">T 1741</subfield>
      <subfield code="u">https://gateway-bayern.de/VD16+T+1741</subfield>
    </datafield>
    <datafield tag="510" ind1="4" ind2=" ">
      <subfield code="3">Tossanus, Daniel. Kurzer und klarer Bericht, was doch die Gründ unserer Lehr seien:</subfield>
      <subfield code="a">Verzeichnis der im deutschen Sprachbereicherschienenen Drucke des 16. Jahrhunderts (VD 16),</subfield>
      <subfield code="c">T 1710</subfield>
      <subfield code="u">https://gateway-bayern.de/VD16+T+1710</subfield>
    </datafield>
    <datafield tag="650" ind1=" " ind2="0">
      <subfield code="a">Lord's Supper</subfield>
      <subfield code="v">Early works to 1800.</subfield>
    </datafield>
    <datafield tag="650" ind1=" " ind2="7">
      <subfield code="a">Lord's Supper</subfield>
      <subfield code="2">fast</subfield>
    </datafield>
    <datafield tag="655" ind1=" " ind2="7">
      <subfield code="a">Early works</subfield>
      <subfield code="2">fast</subfield>
    </datafield>
    <datafield tag="700" ind1="1" ind2=" ">
      <subfield code="a">Mayer, Johann,</subfield>
      <subfield code="d">1530-1578,</subfield>
      <subfield code="e">printer.</subfield>
      <subfield code="4">prt</subfield>
      <subfield code="1">https://id.oclc.org/worldcat/entity/E39PCjrfBHPgMtBcJ4btpbHGMd</subfield>
    </datafield>
    <datafield tag="700" ind1="1" ind2=" ">
      <subfield code="a">Luther, Martin,</subfield>
      <subfield code="d">1483-1546,</subfield>
      <subfield code="e">contributor.</subfield>
      <subfield code="4">ctb</subfield>
      <subfield code="1">https://id.oclc.org/worldcat/entity/E39PBJcC3jTktTmxwtTMgxrQbd</subfield>
    </datafield>
    <datafield tag="740" ind1="0" ind2="2">
      <subfield code="a">Kurzer und klarer Bericht, was doch die Gründ unserer Lehr seien</subfield>
    </datafield>
    <datafield tag="758" ind1=" " ind2=" ">
      <subfield code="a">Trostschrifft an alle guthertzige Christen so von wegen der reynen und vom Papistischen Saurteyg gesäuberten Lehr der Sacramenten und besonders des H. Abentmals angefochten werden (Text)</subfield>
      <subfield code="1">https://id.oclc.org/worldcat/entity/E39PCYmMBK3YbHdfdCrrtvCXJP</subfield>
      <subfield code="4">https://id.oclc.org/worldcat/ontology/hasWork</subfield>
    </datafield>
    <datafield tag="752" ind1=" " ind2=" ">
      <subfield code="a">Germany</subfield>
      <subfield code="d">Neustadt an der Weinstrasse,</subfield>
      <subfield code="e">publication place.</subfield>
      <subfield code="4">pup</subfield>
    </datafield>
  </record>